| 000 | 01347nam a2200313 a 4500 | ||
|---|---|---|---|
| 001 | 000024882 | ||
| 005 | 20200930023428.0 | ||
| 008 | 100712s1970 ve 000 | spa d | ||
| 040 |
_aDO-SdBNP _bspa _cBNPHU |
||
| 082 |
_a891.73 _bG748i |
||
| 245 | 0 | 3 |
_aEl gran inquisidor : _bfigura capital de nuestro tiempo / _cFyodor Dostoyevsky; ... [et al.] ; traducción Federico Gorbea. |
| 260 |
_aCaracas, (Venezuela) : _bMonte Avila Editores, _c1970. |
||
| 300 |
_a158 p. ; _c20 cm. |
||
| 490 | 1 | _aEstudios | |
| 500 | _aIncluye nota de los editores | ||
| 505 | 0 |
_tNota de los editores _tLa leyenda del gran inquisiodor / _rFiodor Dostoievski _tDostoievski en su tiempo / _rCharles Corbet, _tLas imágenes modeladoras del gran inquisidor / _rDominique Arban _tEl amor y el orden / _rJacques Ellul _tLa pasión de la noche y la ley del día / _rJean Brun _tEl rechazo de Dios en la obra de Dostoievski / _rGastón Maire |
|
| 500 | _aIncluye referencias bibliográficas | ||
| 650 | 4 |
_aNovela rusa _94742 |
|
| 650 | 4 |
_aLiteratura rusa _94743 |
|
| 700 | 1 |
_aDostoyevsky, Fyodor _951065 |
|
| 700 | 1 |
_aCorbet, Charles _951066 |
|
| 700 | 1 |
_aArban, Dominique _951067 |
|
| 700 | 1 |
_aEllul, Jacques _951068 |
|
| 700 | 1 |
_aBrun, Jean _951069 |
|
| 700 | 1 |
_aMaire, Gastón _951070 |
|
| 700 | 1 |
_aGorbea, Federico _etr. _951071 |
|
| 830 | 0 |
_aEstudios _93854 |
|
| 049 | _aBNGR | ||
| 999 |
_c24375 _d24375 |
||